Statistics for Religion in Belize

Click here to take the quiz!

General Stats

  • This quiz has been taken 28 times
  • The average score is 9 of 11

Answer Stats

PercentReligion% Correct
8.4%Pentecostal
100%
40.1%Roman Catholic
100%
11.2%Other
96%
15.5%None
91%
1.7%Jehovah's Witness
87%
3.7%Mennonite
87%
2.9%Methodist
87%
3.6%Baptist
83%
4.7%Anglican
74%
5.4%Seventh-day Adventist
52%
2.8%Nazarene
26%

Score Distribution

Percentile by Number Answered

Percent of People with Each Score

Your Score History

You have not taken this quiz